Statistics for Countries with Territory in the Balkans

Click here to take the quiz!

General Stats

  • This quiz has been taken 66,125 times
  • The average score is 12 of 13

Answer Stats

PercentageCountry% Correct
80%Greece
97%
54%Croatia
96%
65%Serbia
96%
>99%Bosnia and Herzegovina
95%
>99%Albania
94%
100%North Macedonia
94%
100%Kosovo
93%
>99%Montenegro
93%
50%Slovenia
93%
>99%Bulgaria
92%
5%Romania
92%
3%Turkey
88%
0.1%Italy
84%

Score Distribution

Percentile by Number Answered

Percent of People with Each Score

Your Score History

You have not taken this quiz